|
|
|
|
| LEADER |
02269nam a2200541 i 4500 |
| 001 |
nkc20213309359 |
| 003 |
CZ PrNK |
| 005 |
20220510122122.0 |
| 007 |
ta |
| 008 |
210223s2021 xr a e c 000 0 cze |
| 020 |
|
|
|a 978-80-908148-0-6
|q (brožováno) :
|c Kč 80,00
|
| 040 |
|
|
|a BOA001
|b cze
|e rda
|
| 043 |
|
|
|a e-xr---
|a e-fr---
|
| 045 |
|
|
|a x2y1
|
| 072 |
|
7 |
|a 72/76
|x Výtvarné umění
|2 Konspekt
|9 21
|
| 080 |
|
|
|a 72/76(437.3)
|2 MRF
|
| 080 |
|
|
|a 7.036/.038
|2 MRF
|
| 080 |
|
|
|a 913:910.4
|2 MRF
|
| 080 |
|
|
|a 7.04
|2 MRF
|
| 080 |
|
|
|a (437.3)
|2 MRF
|
| 080 |
|
|
|a (44)
|2 MRF
|
| 080 |
|
|
|a (083.824)
|2 MRF
|
| 100 |
1 |
|
|a Vaňková, Pavla,
|d 1972-
|7 xx0198012
|4 aut
|
| 245 |
1 |
0 |
|a Čeští umělci ve Francii :
|b obrazy, kresby, grafika, sochy : Chodovská tvrz březen - květen 2021 /
|c odborná příprava, texty a koncepce výstavy: Pavla Vaňková ve spolupráci s Galerií Moderna a s Martinem Zemanem
|
| 264 |
|
1 |
|a Praha :
|b Kulturní Jižní Město, o.p.s.,
|c 2021
|
| 300 |
|
|
|a 48 nečíslovaných stran :
|b ilustrace (převážně barevné) ;
|c 22 cm
|
| 336 |
|
|
|a text
|b txt
|2 rdacontent
|
| 336 |
|
|
|a statický obraz
|b sti
|2 rdacontent
|
| 337 |
|
|
|a bez média
|b n
|2 rdamedia
|
| 338 |
|
|
|a svazek
|b nc
|2 rdacarrier
|
| 500 |
|
|
|a Obálkový podnázev: Dědičová, Eberl, Guth, Hoffmeister, Kars, Kolář, Kubín, Kundera, Kupka, Macek, Moucha, Novák, Serpan, Sikora, Skalník, Šíma, Štýrský, Toyen, Zelenka
|
| 500 |
|
|
|a Životopisná data
|
| 500 |
|
|
|a 50 výtisků
|
| 648 |
|
4 |
|a 1920-2018
|
| 648 |
|
7 |
|a 20.-21. století
|7 ch462155
|2 czenas
|
| 650 |
0 |
7 |
|a české výtvarné umění
|7 ph116865
|y 20.-21. století
|2 czenas
|
| 650 |
0 |
7 |
|a moderní umění
|7 ph115340
|z Česko
|2 czenas
|
| 650 |
0 |
7 |
|a cesty a pobyt
|7 ph137578
|z Francie
|y 20.-21. století
|2 czenas
|
| 650 |
0 |
7 |
|a umělecké náměty
|7 ph138227
|2 czenas
|
| 655 |
|
7 |
|a katalogy výstav
|7 fd132536
|2 czenas
|
| 700 |
1 |
|
|a Zeman, Martin
|7 jx20071106023
|4 ctb
|
| 710 |
2 |
|
|a Galerie Moderna (Praha, Česko)
|7 pna2009497693
|4 ctb
|
| 710 |
2 |
|
|a Chodovská vodní tvrz.
|b Velká galerie
|7 ko20191019806
|4 orm
|
| 910 |
2 |
|
|a BOA001
|b 2-1484.636
|
| 990 |
|
|
|a BK
|
| 995 |
|
|
|a 61
|
| 991 |
|
|
|b 202205
|c NOV
|
| 996 |
6 |
|
|b 2610900551
|c 2-1484.636
|l MZK
|r Sklad / do 1 hodiny
|n 2
|p p.v.
|w 001884308
|u 000010
|a 1
|e BOA001
|j MZK50
|s P
|